Droysen and the Prussian school of history
Αποθηκεύτηκε σε:
| Κύριος συγγραφέας: | |
|---|---|
| Μορφή: | Βιβλίο |
| Γλώσσα: | English |
| Δημοσίευση: |
Kentucky :
The University Press of Kentucky,
c1995
|
| Θέματα: | |
| Ετικέτες: |
Προσθήκη ετικέτας
Δεν υπάρχουν, Καταχωρήστε ετικέτα πρώτοι!
|
MARC
| LEADER | 00000nam a2200000 i 4500 | ||
|---|---|---|---|
| 001 | 1/17795 | ||
| 008 | 981008s1995 eng d | ||
| 020 | |a 0-8131-1884-0 | ||
| 035 | |l 10020685 | ||
| 040 | |a GR-MY-UA |b gre |e aacr | ||
| 041 | 0 | |a eng | |
| 082 | 0 | |a 943.007202 | |
| 100 | 1 | |a Southard, Robert |d 1945- | |
| 245 | 1 | 0 | |a Droysen and the Prussian school of history / |c Robert Southard |
| 260 | |a Kentucky : |b The University Press of Kentucky, |c c1995 | ||
| 300 | |a 247 p. | ||
| 504 | |a Includes bibliographical references and index | ||
| 600 | 1 | 0 | |a Droysen Johann Gustav |d 1808-1884. |
| 650 | 0 | 0 | |a Historiography |z Germany |z Prussia. |
| 650 | 0 | 0 | |a History |x Philosophy. |
| 650 | 0 | 0 | |a Historians, German. |
| 650 | 0 | 0 | |a History |x Religious aspects |x Christianity |x History of doctrines |y 19th century. |
| 852 | |a INST |b LESVOS |e 19981008 |h 943.007202 SOU |p 005100012963 |q 005100012963 |t BK |y 0 | ||
| 901 | |a BIBL-1998-3 | ||
| 909 | |a Λ |b 059130 | ||
| 922 | |a 1ΔΩΡ |b 199809 |c ΤΚΑ | ||